Logos des fédérations de football. - Statistiques

Statistiques générales
  • Ce quiz a été pris 87 fois
  • Le résultat moyen est 26 sur 30
Statistiques - réponses
Par images Réponse % Correct
Argentine
100%
Bresil
100%
Italie
100%
Mexique
100%
Belgique
99%
Espagne
99%
Etats-Unis
99%
France
99%
Allemagne
97%
Portugal
97%
Suede
97%
Angleterre
95%
Maroc
94%
Chili
92%
Japon
92%
Pays bas
91%
Autriche
89%
Colombie
89%
Cameroun
86%
Uruguay
86%
Pologne
84%
Hongrie
80%
Suisse
77%
Bulgarie
76%
ecosse
76%
Coree du sud
66%
URSS
65%
Tchécoslovaquie
56%
Paraguay
53%
Yougoslavie
43%
Aucun quiz correspondant
Distribution des résultats
% des personnes avec chaque résultat
Percentile par nombre de réponses
Votre historique - résultats
Vous n’avez pas pris ce quiz